Кубические вершины взаимодействия массивных полей высших спинов с электромагнитным и граитационным полями в пространствах размерности D>3: автореферат диссертации на соискание ученой степени кандидата технических наук; спец. 01.04.02

Dades bibliogràfiques
Autor principal: Снегирев Т. В. Тимофей Владимирович
Autor corporatiu: Томский государственный педагогический университет (ТГПУ)
Altres autors: Бухбиндер И. Л. Иосиф Львович (научный руководитель)
Idioma:rus
Publicat: Томск, 2013
Matèries:
Format: Llibre
KOHA link:https://koha.lib.tpu.ru/cgi-bin/koha/opac-detail.pl?biblionumber=241170

MARC

LEADER 00000nam0a2200000 4500
001 241170
005 20231101231809.0
035 |a (RuTPU)RU\TPU\book\262436 
090 |a 241170 
100 |a 20130703d2013 k y0rusy50 ca 
101 0 |a rus 
102 |a RU 
105 |a y dm 001zy 
200 1 |a Кубические вершины взаимодействия массивных полей высших спинов с электромагнитным и граитационным полями в пространствах размерности D>3  |e автореферат диссертации на соискание ученой степени кандидата технических наук  |e спец. 01.04.02  |f Т. В. Снегирев  |g Томский государственный педагогический университет (ТГПУ) ; науч. рук. И. Л. Бухбиндер 
210 |a Томск  |d 2013 
215 |a 15 с.  |c ил. 
320 |a Библиогр.: с. 15 (5 назв.). 
606 1 |a Спиновые волны, нелинейные  |2 stltpush  |3 (RuTPU)RU\TPU\subj\55855  |9 73812 
610 1 |a физика 
610 1 |a электромагнитные поля 
610 1 |a гравитационные поля 
610 1 |a пространства 
610 1 |a спинорные поля 
610 1 |a спиноры 
610 1 |a кубические вершины 
610 1 |a авторефераты диссертаций 
675 |a 537.63(04)  |v 3 
686 |a 01.04.02  |2 oksvnk 
700 1 |a Снегирев  |b Т. В.  |c физик  |c инженер-исследователь, старший преподаватель Томского политехнического университета  |f 1987-  |g Тимофей Владимирович  |2 stltpush  |3 (RuTPU)RU\TPU\pers\37254 
702 1 |a Бухбиндер  |b И. Л.  |g Иосиф Львович  |4 727 
712 0 2 |a Томский государственный педагогический университет (ТГПУ)  |c (1995- )  |2 stltpush  |3 (RuTPU)RU\TPU\col\40 
801 1 |a RU  |b 63413507  |c 20130703 
801 2 |a RU  |b 63413507  |c 20160913  |g RCR 
942 |c BK